000 00433nam a2200169Ia 4500
008 230711s9999||||xx |||||||||||||| ||und||
041 _aENG
082 _a621.092
_bLE-R
100 _aLevin Morris A
245 0 _aRisk assessment in genetic engineering
250 _a1st Ed.
260 _c1990
_aNew Delhi
_bTata McGraw Hill Education Limited
300 _a403
650 _aLiterature
700 _aStrauss Harlee S
942 _cBK
999 _c2865
_d2865